| 000 | 00347nam a22001337a 4500 | ||
|---|---|---|---|
| 008 | 170620b xxu||||| |||| 00| 0 eng d | ||
| 020 | _a9780312167424 | ||
| 041 | _aeng | ||
| 080 | _a32 | ||
| 100 | _a20 | ||
| 101 | _aSHP | ||
| 245 |
_aTHE ROAD TO THE WHITE HOUSE 2000 THE POLITICS ORESIDENTIAL ELECTIONS _cWAYNE.S.J |
||
| 942 |
_2udc _cBK |
||
| 999 |
_c18343 _d18343 |
||